[Event "Aurora Summer op"]
[Site "Aurora "]
[Date "2015.07.04"]
[Round "3"]
[White "Mourgelas, James"]
[Black "Pishdad, Hassan"]
[Result "1-0"]
[WhiteElo "1437"]
[BlackElo "1317"]
[PlyCount "41"]
[EventDate "2015.07.04"]
[EventType "swiss"]
[EventRounds "5"]
[EventCountry "CAN"]
[SourceTitle "EXT 2019"]
[Source "ChessBase"]
[SourceDate "2018.10.10"]
[SourceVersion "1"]
[SourceVersionDate "2018.10.10"]
[SourceQuality "1"]

1. d4 Nf6 2. c4 e6 3. Nf3 d5 4. e3 c5 5. Bd3 Nc6 6. Nc3 cxd4 7. exd4 Bb4 8. Bd2 dxc4 9. Bxc4 Nxd4 10. Nxd4 Qxd4 11. Qa4+ Bd7 12. Qxb4 Bc6 13. Be3 Qd7 14. 0-0 Qc7 15. Nb5 Qb8 16. Nd6+ Kd7 17. Rfd1 Bd5 18. Bb5+ Bc6 19. Nxf7+ Nd5 20. Nxh8 Qxh8 21. Bxc6+ 1-0

[Event "Scarborough CC-ch"]
[Site "Toronto"]
[Date "2015.04.23"]
[Round "4"]
[White "Souchko, Larissa"]
[Black "Pishdad, Hassan"]
[Result "0-1"]
[WhiteElo "1020"]
[BlackElo "1295"]
[PlyCount "38"]
[EventDate "2015.04.02"]
[EventType "swiss"]
[EventRounds "8"]
[EventCountry "CAN"]
[SourceTitle "EXT 2019"]
[Source "ChessBase"]
[SourceDate "2018.10.10"]
[SourceVersion "1"]
[SourceVersionDate "2018.10.10"]
[SourceQuality "1"]

1. e4 c5 2. Nf3 e6 3. d3 d5 4. exd5 exd5 5. Qe2+ Be7 6. b3 Nf6 7. Nbd2 0-0 8. Bb2 Re8 9. d4 Bg4 10. h3 Bd6 11. Ne4 Rxe4 12. Qxe4 dxe4 13. hxg4 exf3 14. gxf3 Qa5+ 15. c3 cxd4 16. 0-0-0 dxc3 17. Rxd6 cxb2+ 18. Kb1 Qe1+ 19. Kxb2 Qe5+ 0-1

[Event "Toronto op U1600"]
[Site "Toronto"]
[Date "2014.04.19"]
[Round "4"]
[White "Pishdad, Hassan"]
[Black "England, Max"]
[Result "0-1"]
[WhiteElo "1188"]
[BlackElo "1029"]
[PlyCount "102"]
[EventDate "2014.04.18"]
[EventType "swiss"]
[EventRounds "6"]
[EventCountry "CAN"]
[SourceTitle "EXT 2022"]
[Source "ChessBase"]
[SourceDate "2021.10.06"]
[SourceVersion "1"]
[SourceVersionDate "2021.10.06"]
[SourceQuality "1"]

1. d4 Nf6 2. c4 e6 3. Nc3 Bb4 4. a3 Bxc3+ 5. bxc3 d5 6. e3 b6 7. cxd5 Nxd5 8. Bb2 Bb7 9. Qf3 Qc8 10. e4 Nf6 11. Bd3 Nbd7 12. Ne2 c5 13. Qe3 0-0 14. f3 Qc7 15. 0-0 Rfe8 16. Qf2 Rac8 17. Rac1 Nf8 18. e5 Nd5 19. c4 Ne7 20. Nc3 a6 21. Be4 cxd4 22. Qxd4 Bxe4 23. Nxe4 Red8 24. Qc3 Nf5 25. Rfd1 Rxd1+ 26. Rxd1 Qxc4 27. Qxc4 Rxc4 28. Rd2 h6 29. g4 Nh4 30. Kf2 Nhg6 31. Kg3 Nh7 32. Nd6 Rc5 33. f4 Ra5 34. Ne8 Ra4 35. Rd8 Nhf8 36. Bc1 Rc4 37. Be3 Rc3 38. a4 Rxe3+ 39. Kf2 Rh3 40. Rd6 Rxh2+ 41. Kg3 Ra2 42. Rd4 Ra3+ 43. Kf2 b5 44. axb5 axb5 45. Nd6 Ra2+ 46. Ke3 Rb2 47. Rd3 b4 48. Nc4 Rb1 49. Nd2 Re1+ 50. Kf3 Rh1 51. Kg3 Rh3+ 0-1

[Event "Scarborough CC-ch Reserves"]
[Site "Toronto"]
[Date "2012.04.19"]
[Round "5"]
[White "Pishdad, Hassan"]
[Black "Song, Eric"]
[Result "0-1"]
[WhiteElo "1394"]
[BlackElo "1625"]
[PlyCount "52"]
[EventDate "2012.03.22"]
[EventType "swiss"]
[EventRounds "9"]
[EventCountry "CAN"]
[SourceTitle "EXT 2022"]
[Source "ChessBase"]
[SourceDate "2021.10.06"]
[SourceVersion "1"]
[SourceVersionDate "2021.10.06"]
[SourceQuality "1"]

1. d4 e6 2. c4 Nf6 3. Nf3 b6 4. Nc3 Bb7 5. e3 Be7 6. Be2 d5 7. 0-0 Nc6 8. cxd5 Nxd5 9. Bd2 0-0 10. a3 f5 11. Bb5 Bf6 12. Re1 g5 13. h3 h5 14. Nxd5 Qxd5 15. Bf1 g4 16. Nh2 Kf7 17. g3 Nxd4 18. f3 Nxf3+ 19. Nxf3 gxf3 20. Kf2 Rg8 21. Bc3 Bxc3 22. bxc3 Rad8 23. Qxd5 Rxd5 24. Kxf3 Rd2+ 25. Kf4 Kf6 26. Re2 e5# 0-1

[Event "Scarborough CC Winter End U1800"]
[Site "Toronto"]
[Date "2012.03.08"]
[Round "4"]
[White "Sharpe, Michael D"]
[Black "Pishdad, Hassan"]
[Result "0-1"]
[WhiteElo "1630"]
[BlackElo "1348"]
[PlyCount "52"]
[EventDate "2012.02.16"]
[EventType "swiss"]
[EventRounds "5"]
[EventCountry "CAN"]
[SourceTitle "EXT 2022"]
[Source "ChessBase"]
[SourceDate "2021.10.06"]
[SourceVersion "1"]
[SourceVersionDate "2021.10.06"]
[SourceQuality "1"]

1. e4 c5 2. Nf3 d6 3. d4 cxd4 4. Nxd4 Nf6 5. Nc3 e5 6. Nb3 a6 7. Be2 Be7 8. a4 Be6 9. Be3 Bxb3 10. cxb3 Nc6 11. 0-0 0-0 12. Rc1 Nb4 13. f4 Qa5 14. Qe1 Qd8 15. Qg3 Re8 16. fxe5 dxe5 17. Bc4 h6 18. Bxh6 Bf8 19. Bg5 Be7 20. Rf3 Rf8 21. Rcf1 Nh5 22. Qxe5 Bxg5 23. Rxf7 Rxf7 24. Bxf7+ Kh8 25. Bxh5 Nc6 26. Bf7 Nxe5 0-1

[Event "Scarborough CC Spring Into Summer U1700"]
[Site "Toronto"]
[Date "2011.06.02"]
[Round "5"]
[White "Smith, Maurice"]
[Black "Pishdad, Hassan"]
[Result "1-0"]
[WhiteElo "1577"]
[BlackElo "1270"]
[PlyCount "99"]
[EventDate "2011.04.28"]
[EventType "swiss"]
[EventRounds "9"]
[EventCountry "CAN"]
[SourceTitle "EXT 2022"]
[Source "ChessBase"]
[SourceDate "2021.10.06"]
[SourceVersion "1"]
[SourceVersionDate "2021.10.06"]
[SourceQuality "1"]

1. d4 f5 2. c4 d5 3. Nc3 e6 4. Nf3 Be7 5. Ne5 Nc6 6. Nxc6 bxc6 7. Bf4 Bd6 8. Bxd6 Qxd6 9. e3 Nf6 10. Be2 0-0 11. 0-0 Qb4 12. Qc2 Ba6 13. a3 Qe7 14. cxd5 Bxe2 15. Nxe2 cxd5 16. Rac1 Rfc8 17. Qc5 Qxc5 18. Rxc5 Ne4 19. Rc2 c5 20. dxc5 Rxc5 21. Rxc5 Nxc5 22. Rc1 Nb3 23. Rc6 Kf7 24. Nf4 Re8 25. Rc7+ Re7 26. Rc6 Na5 27. Rc2 Nc4 28. Nd3 g6 29. g3 e5 30. Nb4 Nb6 31. Nc6 Rb7 32. Nxe5+ Ke6 33. Nd3 Kd6 34. Nb4 Rc7 35. Rxc7 Kxc7 36. b3 Kd6 37. Kf1 h5 38. Ke2 Nd7 39. Nd3 Nc5 40. Nxc5 Kxc5 41. Kd3 a5 42. b4+ axb4 43. axb4+ Kxb4 44. Kd4 Kb3 45. Kxd5 Kc3 46. Ke6 Kd3 47. Kf6 Ke2 48. Kxg6 Kxf2 49. Kxf5 Kxe3 50. Kg5 1-0

[Event "Scarborough CC Spring Into Summer U1700"]
[Site "Toronto"]
[Date "2011.05.12"]
[Round "2"]
[White "Xiao, Jerry"]
[Black "Pishdad, Hassan"]
[Result "0-1"]
[WhiteElo "930"]
[BlackElo "1270"]
[PlyCount "88"]
[EventDate "2011.04.28"]
[EventType "swiss"]
[EventRounds "9"]
[EventCountry "CAN"]
[SourceTitle "EXT 2022"]
[Source "ChessBase"]
[SourceDate "2021.10.06"]
[SourceVersion "1"]
[SourceVersionDate "2021.10.06"]
[SourceQuality "1"]

1. e4 c5 2. Nf3 e6 3. Be2 Nc6 4. c3 d5 5. exd5 exd5 6. d4 c4 7. 0-0 Be7 8. Nbd2 Nf6 9. b3 b5 10. bxc4 bxc4 11. Ne5 Nxe5 12. dxe5 Nd7 13. Nf3 0-0 14. Qxd5 Nb6 15. Qb5 a6 16. Qc6 Be6 17. Be3 Rb8 18. Rfd1 Bd5 19. Rxd5 Qxd5 20. Qxd5 Nxd5 21. Nd4 Rfc8 22. Bg4 Re8 23. e6 f6 24. Nc6 Rb7 25. Bf3 Nxc3 26. Bd2 Nxa2 27. h3 c3 28. Rxa2 Rb1+ 29. Kh2 cxd2 30. Rxd2 Re1 31. Bh5 g6 32. Be2 Kf8 33. Bc4 f5 34. Ne5 Rxe5 35. f4 Re4 36. Rc2 Rc8 37. Bd3 Rxc2 38. Bxc2 Rxf4 39. Bd3 a5 40. g3 Rd4 41. Bb5 a4 42. g4 a3 43. gxf5 gxf5 44. Kg3 a2 0-1

[Event "Scarborough CC Spring Into Summer U1700"]
[Site "Toronto"]
[Date "2011.04.28"]
[Round "1"]
[White "Pishdad, Hassan"]
[Black "Aghamalian, Derick"]
[Result "0-1"]
[WhiteElo "1270"]
[BlackElo "1577"]
[PlyCount "72"]
[EventDate "2011.04.28"]
[EventType "swiss"]
[EventRounds "9"]
[EventCountry "CAN"]
[SourceTitle "EXT 2022"]
[Source "ChessBase"]
[SourceDate "2021.10.06"]
[SourceVersion "1"]
[SourceVersionDate "2021.10.06"]
[SourceQuality "1"]

1. d4 d5 2. c4 e6 3. e3 Nf6 4. Bd3 Be7 5. Nc3 c5 6. Nge2 Nc6 7. cxd5 Nxd5 8. 0-0 cxd4 9. Nxd5 Qxd5 10. e4 Qd6 11. a3 0-0 12. f4 Bd7 13. Qc2 Rac8 14. Qb1 h6 15. b4 Qc7 16. e5 Qb6 17. Bb2 Rfd8 18. b5 Nb8 19. Bxd4 Bc5 20. Bh7+ Kh8 21. Bxc5 Qxc5+ 22. Kh1 Bxb5 23. Qe4 Bxe2 24. Qxe2 Kxh7 25. h3 Nc6 26. Rfc1 Qe7 27. Qf2 b6 28. Qf3 Nd4 29. Qe4+ Nf5 30. Rxc8 Rxc8 31. g4 g6 32. gxf5 exf5 33. Qe3 Qb7+ 34. Kg1 Rc2 35. Qg3 Qd5 36. h4 Qd4+ 0-1

[Event "Scarborough CC-ch Reserves U1700"]
[Site "Toronto"]
[Date "2011.03.31"]
[Round "6"]
[White "Pishdad, Hassan"]
[Black "Thanabalachandran, Luxiga"]
[Result "1-0"]
[WhiteElo "1250"]
[BlackElo "790"]
[PlyCount "113"]
[EventDate "2011.02.24"]
[EventType "swiss"]
[EventRounds "9"]
[EventCountry "CAN"]
[SourceTitle "EXT 2022"]
[Source "ChessBase"]
[SourceDate "2021.10.06"]
[SourceVersion "1"]
[SourceVersionDate "2021.10.06"]
[SourceQuality "1"]

1. d4 Nf6 2. c4 d5 3. e3 Nc6 4. Nc3 Bf5 5. Bd3 Bxd3 6. Qxd3 e5 7. cxd5 Nxd5 8. Nf3 Nxc3 9. bxc3 exd4 10. cxd4 Bb4+ 11. Bd2 Bxd2+ 12. Qxd2 Qe7 13. 0-0 0-0 14. a3 Nd8 15. Rfc1 c6 16. Rc5 Ne6 17. Rc3 Ng5 18. Nxg5 Qxg5 19. Rc5 Qe7 20. Qc3 Rad8 21. Rb1 Rd5 22. Rxd5 cxd5 23. a4 Qd7 24. a5 Rb8 25. a6 b6 26. Rc1 b5 27. Qc7 Qxc7 28. Rxc7 b4 29. Rb7 Rc8 30. g3 h6 31. Rxb4 Rc6 32. Rb8+ Kh7 33. Rb7 Kg6 34. Rxa7 f5 35. Ra8 Kh5 36. h3 g5 37. a7 Rb6 38. Rb8 Ra6 39. a8Q Rxa8 40. Rxa8 g4 41. h4 Kg6 42. Ra5 h5 43. Rxd5 Kf6 44. Rd6+ Kg7 45. Re6 Kf7 46. Rh6 Kg7 47. Rxh5 Kg6 48. Rg5+ Kf6 49. Kg2 Ke6 50. f3 gxf3+ 51. Kxf3 Kf6 52. Kf4 Ke6 53. Rxf5 Kd6 54. h5 Ke7 55. h6 Kd6 56. h7 Ke6 57. h8Q 1-0

[Event "Scarborough CC-ch Reserves U1700"]
[Site "Toronto"]
[Date "2011.03.24"]
[Round "5"]
[White "Kurkowski, Ken"]
[Black "Pishdad, Hassan"]
[Result "1-0"]
[WhiteElo "1506"]
[BlackElo "1250"]
[PlyCount "91"]
[EventDate "2011.02.24"]
[EventType "swiss"]
[EventRounds "9"]
[EventCountry "CAN"]
[SourceTitle "EXT 2022"]
[Source "ChessBase"]
[SourceDate "2021.10.06"]
[SourceVersion "1"]
[SourceVersionDate "2021.10.06"]
[SourceQuality "1"]

1. d4 Nf6 2. c4 d5 3. cxd5 Nxd5 4. Nf3 g6 5. e4 Nb6 6. Be2 Bg7 7. 0-0 Nc6 8. Be3 0-0 9. Nc3 Re8 10. Qd2 a6 11. Rac1 Bg4 12. d5 Bxf3 13. Bxf3 Nc4 14. Qe2 Nxe3 15. fxe3 Ne5 16. Rf2 Qd6 17. Qc2 c6 18. dxc6 Nxc6 19. Rd2 Qc5 20. Nd5 Qxc2 21. Rdxc2 Rad8 22. Be2 e6 23. Nc7 Bh6 24. Kf2 Nd4 25. exd4 Bxc1 26. Nxe8 Rxe8 27. Rxc1 Re7 28. Ke3 Kg7 29. a3 g5 30. g4 h6 31. b4 Kg6 32. Rc5 Kg7 33. e5 Kg6 34. Bd3+ Kg7 35. Be4 b6 36. Rc6 Rb7 37. Rxe6 fxe6 38. Bxb7 a5 39. Ke4 axb4 40. axb4 Kf7 41. d5 exd5+ 42. Bxd5+ Ke7 43. Kf5 h5 44. gxh5 g4 45. h6 Kf8 46. Kf6 1-0

[Event "Scarborough CC-ch Reserves U1700"]
[Site "Toronto"]
[Date "2011.03.17"]
[Round "4"]
[White "Pishdad, Hassan"]
[Black "Graham, John"]
[Result "1/2-1/2"]
[WhiteElo "1250"]
[BlackElo "1429"]
[PlyCount "54"]
[EventDate "2011.02.24"]
[EventType "swiss"]
[EventRounds "9"]
[EventCountry "CAN"]
[SourceTitle "EXT 2022"]
[Source "ChessBase"]
[SourceDate "2021.10.06"]
[SourceVersion "1"]
[SourceVersionDate "2021.10.06"]
[SourceQuality "1"]

1. d4 e6 2. c4 d5 3. e3 Nf6 4. Nc3 Bd7 5. Bd3 dxc4 6. Bxc4 Bb4 7. a3 Bxc3+ 8. bxc3 Ne4 9. Bd2 c5 10. Bd3 Nxd2 11. Qxd2 Qa5 12. Be4 Bc6 13. Bxc6+ Nxc6 14. Nf3 0-0 15. 0-0 Rfd8 16. Qb2 Rab8 17. Rfd1 c4 18. a4 Qc7 19. Nd2 Na5 20. Qc2 b6 21. Rdb1 a6 22. Qa2 e5 23. Rb4 exd4 24. exd4 Rbc8 25. Rab1 Rd6 26. Qb2 Rb8 27. Qa2 Rc8 1/2-1/2

[Event "Scarborough CC-ch Reserves U1700"]
[Site "Toronto"]
[Date "2011.03.03"]
[Round "2"]
[White "Pishdad, Hassan"]
[Black "Roy, Harrison"]
[Result "1-0"]
[WhiteElo "1250"]
[BlackElo "939"]
[PlyCount "71"]
[EventDate "2011.02.24"]
[EventType "swiss"]
[EventRounds "9"]
[EventCountry "CAN"]
[SourceTitle "EXT 2022"]
[Source "ChessBase"]
[SourceDate "2021.10.06"]
[SourceVersion "1"]
[SourceVersionDate "2021.10.06"]
[SourceQuality "1"]

1. d4 Nf6 2. c4 e6 3. e3 d5 4. Nc3 Bb4 5. Bd3 0-0 6. Nge2 Nc6 7. a3 Bxc3+ 8. Nxc3 e5 9. cxd5 Nxd5 10. Be4 Nxc3 11. bxc3 exd4 12. Bxc6 bxc6 13. cxd4 Rb8 14. 0-0 Qg5 15. Qf3 Rb6 16. Bd2 Bg4 17. Qg3 c5 18. h3 Rb2 19. Rfd1 cxd4 20. Qxg4 Qxg4 21. hxg4 dxe3 22. Bxe3 h6 23. Bxa7 Rc8 24. Bd4 Rb3 25. Rdb1 Rd3 26. Be5 c5 27. Rb8 Rxb8 28. Bxb8 c4 29. Rc1 c3 30. Rc2 Rd1+ 31. Kh2 Rd8 32. Be5 Rd2 33. Rxc3 Rxf2 34. Rc4 f6 35. Bd6 Ra2 36. a4 1-0

[Event "Toronto-ch Seniors"]
[Site "Toronto"]
[Date "2010.11.16"]
[Round "4"]
[White "Pishdad, Hassan"]
[Black "Stein, Mickey"]
[Result "0-1"]
[WhiteElo "1228"]
[BlackElo "1993"]
[PlyCount "78"]
[EventDate "2010.10.26"]
[EventType "tourn"]
[EventRounds "7"]
[EventCountry "CAN"]
[SourceTitle "EXT 2022"]
[Source "ChessBase"]
[SourceDate "2021.10.06"]
[SourceVersion "1"]
[SourceVersionDate "2021.10.06"]
[SourceQuality "1"]

1. d4 f5 2. Nf3 Nf6 3. c4 g6 4. Nc3 Bg7 5. e4 fxe4 6. Nd2 0-0 7. Ndxe4 d6 8. Be3 Ng4 9. Qd2 Nxe3 10. fxe3 Nc6 11. 0-0-0 e5 12. d5 Ne7 13. h3 a6 14. g4 Bd7 15. c5 Nc8 16. Bc4 Kh8 17. h4 Bxg4 18. Be2 Bf5 19. Rdg1 dxc5 20. Nxc5 Nd6 21. e4 Bc8 22. Bg4 b6 23. Bxc8 bxc5 24. Be6 Qf6 25. Qg2 Bh6+ 26. Kb1 Nb5 27. Na4 Be3 28. Rf1 Qe7 29. h5 g5 30. Bf5 h6 31. Qe2 Bd4 32. Rc1 Rab8 33. Rh3 Nd6 34. Qxa6 Nxf5 35. exf5 Rxf5 36. Qxh6+ Qh7 37. Qxh7+ Kxh7 38. b3 Rb5 39. h6 e4 0-1

[Event "Scarborough CC Falling Leaves U1700"]
[Site "Toronto"]
[Date "2010.10.28"]
[Round "1"]
[White "Pishdad, Hassan"]
[Black "Zhang, John"]
[Result "0-1"]
[WhiteElo "1236"]
[BlackElo "1557"]
[PlyCount "68"]
[EventDate "2010.10.28"]
[EventType "swiss"]
[EventRounds "7"]
[EventCountry "CAN"]
[SourceTitle "EXT 2022"]
[Source "ChessBase"]
[SourceDate "2021.10.06"]
[SourceVersion "1"]
[SourceVersionDate "2021.10.06"]
[SourceQuality "1"]

1. d4 Nf6 2. c4 g6 3. Nf3 Bg7 4. g3 0-0 5. Bg2 d6 6. 0-0 Nbd7 7. Nc3 e5 8. dxe5 dxe5 9. Qc2 Qe7 10. e4 Nb6 11. b3 Nh5 12. Bb2 c6 13. a4 Qc7 14. Rad1 f5 15. Nh4 f4 16. Qe2 Qf7 17. Ba3 Re8 18. c5 Nd7 19. Rd6 Bf8 20. Rd3 Nxc5 21. Bxc5 Bxc5 22. Bf3 fxg3 23. Bxh5 gxh2+ 24. Kh1 gxh5 25. Rg3+ Kh8 26. Kxh2 Rg8 27. Rxg8+ Kxg8 28. Rg1+ Kh8 29. Qd2 Qxf2+ 30. Qxf2 Bxf2 31. Ng6+ hxg6 32. Rxg6 Bg4 33. Kg2 Bd4 34. Na2 Rf8 0-1

[Event "Toronto Howard Ridout Swiss U1700"]
[Site "Toronto"]
[Date "2010.10.14"]
[Round "5"]
[White "Pishdad, Hassan"]
[Black "Thanabalachandran, Luxiga"]
[Result "1-0"]
[WhiteElo "1322"]
[BlackElo "564"]
[PlyCount "59"]
[EventDate "2010.09.09"]
[EventType "swiss"]
[EventRounds "6"]
[EventCountry "CAN"]
[SourceTitle "EXT 2022"]
[Source "ChessBase"]
[SourceDate "2021.10.06"]
[SourceVersion "1"]
[SourceVersionDate "2021.10.06"]
[SourceQuality "1"]

1. d4 Nf6 2. c4 d5 3. cxd5 Nxd5 4. g3 Nc6 5. Bg2 Nf6 6. Nf3 Bf5 7. Nc3 e6 8. 0-0 Bb4 9. a3 Bxc3 10. bxc3 Qd6 11. a4 Rd8 12. Ba3 Qd7 13. Qb3 Be4 14. Rad1 Bxf3 15. Bxf3 b6 16. Qb5 Ne7 17. Qxd7+ Rxd7 18. e4 Rd8 19. e5 Nd7 20. Bxe7 Kxe7 21. Bc6 Rhe8 22. d5 exd5 23. Rxd5 Rf8 24. Rfd1 f6 25. Rxd7+ Rxd7 26. Rxd7+ Ke8 27. Rxg7+ Kd8 28. e6 h5 29. e7+ Kc8 30. exf8Q# 1-0

[Event "Scarborough CC LH Summer op"]
[Site "Toronto"]
[Date "2010.06.17"]
[Round "7"]
[White "Gillis, Doug"]
[Black "Pishdad, Hassan"]
[Result "1-0"]
[WhiteElo "1633"]
[BlackElo "1380"]
[PlyCount "59"]
[EventDate "2010.04.29"]
[EventType "swiss"]
[EventRounds "8"]
[EventCountry "CAN"]
[SourceTitle "EXT 2022"]
[Source "ChessBase"]
[SourceDate "2021.10.06"]
[SourceVersion "1"]
[SourceVersionDate "2021.10.06"]
[SourceQuality "1"]

1. d4 Nf6 2. Nc3 d5 3. Bg5 e6 4. e4 dxe4 5. Nxe4 Be7 6. Bxf6 Bxf6 7. Nf3 Qd5 8. Nxf6+ gxf6 9. c4 Qa5+ 10. Qd2 Qxd2+ 11. Kxd2 b6 12. Re1 Bb7 13. d5 Ke7 14. Nd4 Rd8 15. Bd3 e5 16. f4 Kd6 17. Nb5+ Kc5 18. Nxc7 Nd7 19. Nxa8 Bxa8 20. Rhf1 Rf8 21. Bf5 Nb8 22. Kc3 Na6 23. fxe5 fxe5 24. Rxe5 Kd6 25. Rfe1 Nc7 26. Bxh7 a6 27. Rf5 b5 28. Rf6+ Kd7 29. Bf5+ Kd8 30. Rd6# 1-0

[Event "Scarborough CC LH Summer U1700"]
[Site "Toronto"]
[Date "2010.06.03"]
[Round "5"]
[White "Dattani, Dinesh"]
[Black "Pishdad, Hassan"]
[Result "1-0"]
[WhiteElo "1414"]
[BlackElo "1372"]
[PlyCount "63"]
[EventDate "2010.04.29"]
[EventType "swiss"]
[EventRounds "8"]
[EventCountry "CAN"]
[SourceTitle "EXT 2022"]
[Source "ChessBase"]
[SourceDate "2021.10.06"]
[SourceVersion "1"]
[SourceVersionDate "2021.10.06"]
[SourceQuality "1"]

1. e4 c5 2. Nf3 b6 3. d4 cxd4 4. Nxd4 Bb7 5. f3 e5 6. Nb3 Nf6 7. Nc3 Be7 8. Be3 0-0 9. Qd2 a6 10. Na4 Bc5 11. Naxc5 bxc5 12. Bxc5 Re8 13. Bd6 Nc6 14. 0-0-0 Na7 15. Nc5 Qb6 16. Nxb7 Qxb7 17. Ba3 Nb5 18. Bxb5 axb5 19. Kb1 Ra4 20. Bb4 Rea8 21. a3 Qc6 22. Qc3 Qe6 23. Rd6 Qe8 24. Rhd1 Rc8 25. Qd3 Rb8 26. Qe3 Kh8 27. Rb6 Raa8 28. Rxb8 Rxb8 29. Bd6 Rb7 30. Qc5 Qa8 31. Qxe5 Ne8 32. Bb4 1-0

[Event "Scarborough CC-ch Reserves U1700"]
[Site "Toronto"]
[Date "2010.04.15"]
[Round "8"]
[White "Pishdad, Hassan"]
[Black "Teram, Eli"]
[Result "1-0"]
[WhiteElo "1422"]
[BlackElo "1396"]
[PlyCount "69"]
[EventDate "2010.02.25"]
[EventType "swiss"]
[EventRounds "9"]
[EventCountry "CAN"]
[SourceTitle "EXT 2022"]
[Source "ChessBase"]
[SourceDate "2021.10.06"]
[SourceVersion "1"]
[SourceVersionDate "2021.10.06"]
[SourceQuality "1"]

1. e4 e5 2. Nf3 Nc6 3. Bb5 Nf6 4. Nc3 Bc5 5. 0-0 0-0 6. d3 h6 7. Bxc6 dxc6 8. Nxe5 Bd4 9. Nf3 Bg4 10. h3 Bh5 11. g4 Bg6 12. Ne2 Bc5 13. b3 Qe7 14. Bb2 Rad8 15. e5 Nd5 16. d4 Bb6 17. Qd2 Nb4 18. c3 Nd3 19. Nf4 Nxf4 20. Qxf4 f6 21. Qg3 c5 22. Nh4 Bd3 23. Qxd3 fxe5 24. Nf5 Qg5 25. Bc1 Qf6 26. Qc4+ Kh8 27. dxc5 g6 28. Nxh6 Qf3 29. Kh2 Rd1 30. Be3 Rxa1 31. Rxa1 Kh7 32. cxb6 cxb6 33. Qc7+ Kh8 34. Qxe5+ Kh7 35. Qe7+ 1-0

[Event "Scarborough CC-ch Reserves U1700"]
[Site "Toronto"]
[Date "2010.04.08"]
[Round "7"]
[White "Termeer, Ted"]
[Black "Pishdad, Hassan"]
[Result "1-0"]
[WhiteElo "1548"]
[BlackElo "1422"]
[PlyCount "88"]
[EventDate "2010.02.25"]
[EventType "swiss"]
[EventRounds "9"]
[EventCountry "CAN"]
[SourceTitle "EXT 2022"]
[Source "ChessBase"]
[SourceDate "2021.10.06"]
[SourceVersion "1"]
[SourceVersionDate "2021.10.06"]
[SourceQuality "1"]

1. Nf3 c5 2. d4 cxd4 3. Nxd4 Nf6 4. c4 e5 5. Nc2 Nc6 6. e3 Be7 7. Nc3 0-0 8. a3 d6 9. Be2 Be6 10. 0-0 Na5 11. Nd5 b5 12. Nxe7+ Qxe7 13. cxb5 Bb3 14. Qd2 Qc7 15. Nb4 Qb6 16. f3 Rad8 17. Qe1 Ba4 18. Bd2 Bxb5 19. Bxb5 Qxb5 20. Bc3 Nb7 21. Rd1 Qc5 22. Kh1 Qb6 23. Nd5 Nxd5 24. Rxd5 Qc6 25. Qd2 f5 26. Rd1 Rfe8 27. h3 Re6 28. Bb4 Qa6 29. Qc2 Qb6 30. Qxf5 Rf6 31. Qe4 Qc6 32. Qd3 Qb6 33. e4 Rd7 34. Rxe5 Rdf7 35. Re8+ Rf8 36. Rxf8+ Kxf8 37. Rc1 a5 38. Rc8+ Kf7 39. Bc3 Rg6 40. Qd5+ Ke7 41. Bd4 Qa6 42. Rc7+ Kd8 43. Qc6 Qxc6 44. Rxc6 Kd7 1-0

[Event "Scarborough CC Frost U1700"]
[Site "Toronto"]
[Date "2010.01.28"]
[Round "4"]
[White "Pishdad, Hassan"]
[Black "Al Ganabi, Zaidun"]
[Result "0-1"]
[WhiteElo "1442"]
[BlackElo "1420"]
[PlyCount "80"]
[EventDate "2010.01.07"]
[EventType "swiss"]
[EventRounds "6"]
[EventCountry "CAN"]
[SourceTitle "EXT 2011"]
[Source "ChessBase"]
[SourceDate "2010.11.26"]
[SourceVersion "1"]
[SourceVersionDate "2010.11.26"]
[SourceQuality "1"]

1. e4 e5 2. Nf3 Nc6 3. Bb5 Nf6 4. d3 Bb4+ 5. Bd2 Bxd2+ 6. Nbxd2 d6 7. Bxc6+ bxc6 8. c3 0-0 9. 0-0 Re8 10. Qc2 c5 11. b3 Ba6 12. c4 Qd7 13. Rfe1 Nh5 14. h3 Nf4 15. Nf1 Bc8 16. Ng3 Qe7 17. Kh2 Qf6 18. Qd1 g5 19. Re3 Kh8 20. Ne2 Rg8 21. g4 Qh6 22. Nfg1 Bxg4 23. Qf1 Be6 24. Rg3 g4 25. Nc3 Nxh3 26. Nxh3 gxh3 27. Nd5 Rxg3 28. fxg3 Qd2+ 29. Kh1 Qg2+ 30. Qxg2 hxg2+ 31. Kxg2 Bxd5 32. cxd5 Rf8 33. g4 Rg8 34. Kh3 Rg5 35. Rf1 Kg7 36. Rf5 Rxf5 37. exf5 f6 38. Kg3 Kh6 39. Kf3 Kg5 40. Kg3 h5 0-1

[Event "Scarborough CC Frost U1700"]
[Site "Toronto"]
[Date "2010.01.14"]
[Round "2"]
[White "Dattani, Dinesh"]
[Black "Pishdad, Hassan"]
[Result "0-1"]
[WhiteElo "1407"]
[BlackElo "1442"]
[PlyCount "68"]
[EventDate "2010.01.07"]
[EventType "swiss"]
[EventRounds "6"]
[EventCountry "CAN"]
[SourceTitle "EXT 2011"]
[Source "ChessBase"]
[SourceDate "2010.11.26"]
[SourceVersion "1"]
[SourceVersionDate "2010.11.26"]
[SourceQuality "1"]

1. e4 c5 2. Nf3 Nc6 3. d4 cxd4 4. Nxd4 e5 5. Nf3 Nf6 6. Bg5 Be7 7. Nc3 0-0 8. Nd5 Nxe4 9. Bxe7 Nxe7 10. Nxe7+ Qxe7 11. c3 Qc5 12. Qc2 Nf6 13. Bd3 Re8 14. Nd2 d5 15. 0-0 e4 16. Be2 Bf5 17. Nb3 Qb6 18. Nd4 Re5 19. Qb3 Qc7 20. f4 exf3 21. Bxf3 Be4 22. Rae1 Bxf3 23. Rxe5 Qxe5 24. Nxf3 Qe3+ 25. Kh1 Re8 26. h3 Ne4 27. Kh2 Qf4+ 28. Kg1 Ng3 29. Qb5 Ne2+ 30. Kh1 Re3 31. Qxd5 Ng3+ 32. Kg1 g6 33. Rf2 Ne2+ 34. Kf1 Ng3+ 0-1

[Event "Scarborough CC Falling Leaves U1700"]
[Site "Toronto"]
[Date "2009.12.10"]
[Round "6"]
[White "Yie, Kevin Yi Xiao"]
[Black "Pishdad, Hassan"]
[Result "0-1"]
[WhiteElo "1009"]
[BlackElo "1442"]
[PlyCount "76"]
[EventDate "2009.11.05"]
[EventType "swiss"]
[EventRounds "7"]
[EventCountry "CAN"]
[SourceTitle "EXT 2011"]
[Source "ChessBase"]
[SourceDate "2010.11.26"]
[SourceVersion "1"]
[SourceVersionDate "2010.11.26"]
[SourceQuality "1"]

1. e4 c5 2. Nf3 Nc6 3. d4 cxd4 4. Nxd4 Nf6 5. Nc3 e5 6. Nf3 Bb4 7. Bd3 d5 8. Bd2 Bxc3 9. Bxc3 d4 10. Bd2 0-0 11. 0-0 a6 12. c3 Re8 13. cxd4 exd4 14. Re1 Bg4 15. h3 Ne5 16. hxg4 Nxd3 17. Re2 Nxe4 18. Rxe4 Rxe4 19. Qc2 Nxf2 20. Kxf2 Rxg4 21. Qf5 Rg6 22. Ba5 b6 23. Bd2 Qc7 24. Bf4 Qe7 25. Rc1 Qe6 26. Qc2 Qg4 27. Kf1 h6 28. Bc7 Rc8 29. Ne5 Qf4+ 30. Kg1 Qe3+ 31. Kh1 Rg5 32. Nf3 Rc5 33. Qf5 Rxc1+ 34. Kh2 R8xc7 35. Qd5 R1c5 36. Qd8+ Kh7 37. Nxd4 Rh5+ 38. Qh4 Rxh4# 0-1